La Siniestralidad laboral incidencia de las variables "gňero", "inmigracin̤" y "edad" /

Detalles Bibliográficos
Otros Autores: Terradillos Basoco, Juan, Acale Sǹchez, Mara̕
Formato: Libro
Lenguaje:español
Publicado: Albacete : Bomarzo, 2009
Materias:
Acceso en línea:Acceso restringido

MARC

LEADER 00000nam a2200000 a 4500
005 20110915120854.0
008 091013s2009 sp |||||| 00| ||spa|c
020 |a 9788496721807 
035 |a 5739 
040 |d vLex 
090 |c 2469  |d 2469 
245 0 3 |a La Siniestralidad laboral   |h [Recurso electrn̤ico] :  |b incidencia de las variables "gňero", "inmigracin̤" y "edad" /  |c Juan Mara̕ Terradillos Basoco (director) ; Mara̕ Acale Sǹchez (coordinadora) ; Juan Mara̕ Terradillos Basoco ... [et al.] 
256 |a Servicio en ln̕ea. 
260 |a Albacete :  |b Bomarzo,  |c 2009 
300 |a 234 p. ;  |c 24 cm 
504 |a Bibliografa̕ 
506 1 |a Contenido solo disponible en los productos indicados  |d vLex Global  |d vLex Global (Academic Edition, excluding Law Schools)  |d vLex Global (U.S. Academic Edition, Law Schools)  |d vLex Global (U.S. Academic Edition, excluding Law Schools)  |d vLex Global (Academic Edition, Law Schools) 
650 0 4 |a Trabajo  |x Accidentes  |x Derecho  |z Espaą 
700 1 |a Terradillos Basoco, Juan 
700 1 |a Acale Sǹchez, Mara̕ 
740 0 |a vLex Libros (Servicio en ln̕ea) 
856 4 0 |u http://vlex.com/source/siniestralidad-laboral-incidencia-variables-genero-inmigracion-edad-5739  |z Acceso restringido 
942 |c BOOK